Statistics for Самые популярные треки Платины в Spotify

Click here to take the quiz!

General Stats

  • This quiz has been taken 13 times
  • The average score is 15 of 30

Answer Stats

HintAnswer% Correct
6.7mБандана
90%
5.6mГрупи
80%
1.5mБиг бой
70%
4.9mБэнтли, Бенз и Бумер
70%
2.5mВалентина
70%
2.1mНавсегда
60%
1.2mОпиаты круг
60%
1.6mИней!
60%
3.0mКак в первый раз
60%
610kMJ
60%
2.4mСлучайна
50%
1.1mСердце для шалав
50%
831kАйсберг
50%
1.0mВсе цветы вокруг меня цветут
50%
7.0mНа Грязном (Диана)
50%
4.2mЛамбо
50%
2.2mУ тебя большая жопа я влюблён
50%
1.0mВеном
40%
2.2mМлечный путь
40%
919kТрэп леди
40%
735kБольшой путь
40%
672kАктриса
40%
629kВ темноте
40%
960kAbu Dhabi Ba6y
40%
2.4mSalam
40%
3.1mЭто не любовь
30%
707kПитер Пэн
30%
680kНотр-Дам Париж
20%
657kТы не куришь
20%
4.6mCанта Клаус
0%

Score Distribution

Percentile by Number Answered

Percent of People with Each Score

Your Score History

You have not taken this quiz